| 000 | 00000nam##2200000za#4500 |
| 001 | 9.578609 |
| 003 | CaOODSP |
| 005 | 20210624190153 |
| 007 | cr ||||||||||| |
| 008 | 150406|2001||||xxc|||||o f|0| 0 eng|d |
| 022 | |a1919-5044 |
| 040 | |aCaOODSP|beng |
| 043 | |an-cn--- |
| 086 | 1 |aFs70-5/2001-066E-PDF |
| 110 | 1 |aCanada. |bDepartment of Fisheries and Oceans. |
| 245 | 10|aOverview of physical and biological oceanographic conditions on Georges Bank / |h[electronic resource]|c[by] F.H. Page, R. Losier, K. Drinkwater, B. Petrie, G. Harrison, and D. Sameoto. |
| 260 | |aSt. Andrews - New Brunswick : |bFisheries and Oceans Canada |c2001. |
| 300 | |a35p.|bgraphs, maps, references |
| 490 | 1 |aCanadian Science Advisory Secretariat research document|x1919-5044|v2001/066 |
| 546 | |aText in English, abstracts in both languages. |
| 590 | |a14-10-Supp|b2014-05-08 |
| 830 | #0|aResearch document (Canadian Science Advisory Secretariat)|x1919-5044|v2001/066|w(CaOODSP)9.507396 |
| 856 | 40|ahttp://publications.gc.ca|qPDF|s2.43 MB|uhttps://publications.gc.ca/collections/collection_2014/mpo-dfo/Fs70-5-2001-066-eng.pdf|y2001/066 |